[Event "16th Voronezh Master Open"]
[Site "?"]
[Date "2012.??.??"]
[Round "5"]
[White "Dvoirys, S."]
[Black "Kornev, Alexei"]
[Result "1-0"]
[WhiteElo "2570"]
[BlackElo "2540"]
[PlyCount "103"]
[EventDate "2012.??.??"]
[SourceDate "1999.07.01"]

1. e4 c6 2. Nc3 d5 3. Qe2 e6 4. g3 Nf6 5. e5 Nfd7 6. f4 c5 7. Nf3 Nc6 8. Bg2 c4
9. b3 Nb6 10. bxc4 Nxc4 11. O-O Bb4 12. Nd1 Bd7 13. d3 Nb6 14. c3 Be7 15. Rb1
Rc8 16. Bd2 O-O 17. Ne3 Qc7 18. Kh1 Rfd8 19. g4 Be8 20. f5 d4 21. Nd1 exf5 22.
gxf5 f6 23. exf6 Bxf6 24. Ng5 dxc3 25. Nxc3 Nd4 26. Qg4 Bc6 27. Nce4 Bxe4 28.
Nxe4 Nd5 29. Bg5 Qe7 30. Rxb7 Qxb7 31. Nxf6+ Nxf6 32. Bxf6 Qd7 33. Bxd8 Rxd8
34. Qh4 Rf8 35. f6 g6 36. f7+ Rxf7 37. Rxf7 Kxf7 38. Qxh7+ Ke8 39. Qxg6+ Kd8
40. Qf6+ Kc7 41. h4 Qg4 42. Kh2 Ne6 43. Qe7+ Kb6 44. Qb7+ Ka5 45. Qxa7+ Kb4 46.
Qf2 Nc5 47. Bf1 Qh5 48. d4 Na4 49. Be2 Qd5 50. Bd1 Nb6 51. Qb2+ Ka5 52. Qa3+
1-0

[Event "Moscow Open A 2013"]
[Site "Moscow RUS"]
[Date "2013.02.07"]
[Round "6.4"]
[White "Ponkratov, P."]
[Black "Kovalenko, I."]
[Result "1-0"]
[WhiteElo "2584"]
[BlackElo "2586"]
[PlyCount "167"]
[EventDate "2013.02.02"]
[SourceDate "1999.07.01"]

1. e4 c6 2. Nc3 d5 3. Nf3 Bg4 4. d4 e6 5. h3 Bh5 6. Bd3 Nd7 7. O-O dxe4 8. Nxe4
Ngf6 9. Ng3 Bg6 10. Bxg6 hxg6 11. Bf4 Be7 12. c4 O-O 13. Re1 Re8 14. Qc2 c5 15.
Rad1 Qb6 16. a3 cxd4 17. Rxd4 a5 18. Red1 Nc5 19. Be3 a4 20. Ng5 Qb3 21. Qe2
Ra6 22. h4 e5 23. R4d2 Ne6 24. Rc1 Rd6 25. Nxe6 fxe6 26. Rxd6 Bxd6 27. Rc3 Qa2
28. Bg5 e4 29. Bxf6 Qb1+ 30. Qf1 Qxf1+ 31. Kxf1 gxf6 32. Nxe4 Be5 33. Rc2 Rc8
34. Ke2 Kf7 35. Ke3 Rd8 36. Nc3 Rd4 37. Nxa4 Rxh4 38. g3 Rh1 39. Rd2 Re1+ 40.
Kf3 Rc1 41. c5 Ke7 42. b4 Ra1 43. Rd3 Bc7 44. Nc3 f5 45. Kg2 Bb8 46. Nb5 e5 47.
Nd6 e4 48. Rd2 Bxd6 49. Rxd6 Ra2 50. Kf1 g5 51. Rg6 Ra1+ 52. Kg2 f4 53. Rxg5
f3+ 54. Kh3 Ke6 55. Kg4 Rxa3 56. Kf4 Ra2 57. Re5+ Kf6 58. Rxe4 Rxf2 59. Ke3 Rf1
60. Rf4+ Ke5 61. Rxf3 Rb1 62. Rf4 Rb3+ 63. Kf2 Rb2+ 64. Kf3 Rb3+ 65. Kg4 Ke6
66. Kh4 Ke5 67. Rg4 Ke6 68. Rg6+ Kf5 69. Rb6 Rb1 70. Kh3 Rh1+ 71. Kg2 Rh7 72.
Kf3 Rf7 73. Ke3 Rd7 74. c6 bxc6 75. Rxc6 Ke5 76. Rc5+ Kd6 77. Rf5 Ra7 78. b5
Ra4 79. Kf3 Ke6 80. g4 Ra8 81. Kf4 Rc8 82. Re5+ Kd6 83. g5 Rc1 84. Re2 1-0

[Event "Moscow Open A 2013"]
[Site "Moscow RUS"]
[Date "2013.02.10"]
[Round "9.9"]
[White "Demchenko, A."]
[Black "Vidit, S."]
[Result "1/2-1/2"]
[WhiteElo "2627"]
[BlackElo "2546"]
[PlyCount "115"]
[EventDate "2013.02.02"]
[SourceDate "1999.07.01"]

1. e4 c6 2. Nc3 d5 3. Nf3 Bg4 4. h3 Bxf3 5. Qxf3 e6 6. d3 Nd7 7. Bd2 Ngf6 8. g4
Bb4 9. O-O-O d4 10. Nb1 Bxd2+ 11. Nxd2 Nc5 12. Qf4 Nfd7 13. e5 f6 14. Qxd4 fxe5
15. Qe3 O-O 16. Bg2 Rf4 17. Nc4 Qf6 18. Rd2 Rf8 19. Rf1 Na4 20. Re2 Nab6 21.
Nd2 Ra4 22. Ne4 Qe7 23. Nc3 Raf4 24. Ne4 a5 25. c4 Na4 26. Qd2 Qb4 27. Qxb4
axb4 28. Rd1 Nf6 29. Ng5 Nc5 30. Rxe5 Nfd7 31. Re3 Rxf2 32. Rd2 Rxd2 33. Kxd2
Rf2+ 34. Re2 Rxe2+ 35. Kxe2 e5 36. b3 h6 37. Nf3 Kf7 38. Ke3 Kf6 39. Ne1 Ne6
40. Nc2 Nf4 41. Be4 c5 42. Bxb7 Nxh3 43. Bc8 Nb6 44. Bb7 Ng5 45. a3 bxa3 46.
Nxa3 g6 47. Nc2 Ne6 48. Bf3 Ke7 49. Be4 Kf6 50. Bf3 Ke7 51. b4 cxb4 52. Nxb4
Nc5 53. Nc6+ Kf6 54. Be2 Ne6 55. Nb4 Nc5 56. Na2 Nba4 57. Bd1 Ke6 58. Be2
1/2-1/2

[Event "TCh-AUT 2012-13"]
[Site "Graz AUT"]
[Date "2013.01.18"]
[Round "5.3"]
[White "Rogic, D."]
[Black "Shengelia, D."]
[Result "0-1"]
[WhiteElo "2566"]
[BlackElo "2529"]
[PlyCount "136"]
[EventDate "2012.11.02"]
[SourceDate "1999.07.01"]
[WhiteTeam "ASVO Signum Siebdruck St.Veit"]
[BlackTeam "SK Advisory Invest Baden"]

1. e4 c6 2. Nc3 d5 3. Nf3 a6 4. d4 Bg4 5. Be2 e6 6. O-O Nf6 7. h3 Bh5 8. e5
Nfd7 9. Nh2 Bg6 10. Nb1 c5 11. c3 Nc6 12. Be3 Qb6 13. Qd2 cxd4 14. cxd4 Bb4 15.
Nc3 Ndxe5 16. a3 Bxc3 17. bxc3 Nd7 18. c4 Nf6 19. Nf3 Ne4 20. Qc1 Qa5 21. Re1
O-O 22. Qb2 Qc3 23. Qb6 Ng3 24. Rac1 Nxe2+ 25. Rxe2 Qd3 26. Ree1 dxc4 27. Qxb7
Be4 28. Nd2 Bd5 29. Qb2 Na5 30. Bf4 Nb3 31. Nxb3 cxb3 32. Re3 Qf5 33. Be5 f6
34. Bc7 Rac8 35. Rc5 Qg5 36. Rg3 Qh5 37. Qd2 Qf5 38. Bd6 Rfd8 39. Qh6 g5 40.
Be7 Qg6 41. Qxg6+ hxg6 42. Bxd8 Rxc5 43. dxc5 b2 44. Bxf6 b1=Q+ 45. Kh2 Qc1 46.
Bxg5 Qxc5 47. Kg1 Kf7 48. Bd2 Qc2 49. Bb4 Ke8 50. Rg4 Kd7 51. Rg3 Qd1+ 52. Kh2
Qf1 53. Bc5 Kc6 54. Bd4 Be4 55. Be3 Kd5 56. Rg5+ e5 57. Rg3 a5 58. Bb6 a4 59.
Ba7 Qa6 60. Be3 Bc2 61. Bg5 Qf1 62. f3 Ke6 63. Bd2 Bf5 64. Bb4 Qc1 65. Bf8 Qf4
66. Bc5 Kf7 67. Bd6 Bxh3 68. Bb4 Bf5 0-1

[Event "Doroshkevicha Mem Open 2012"]
[Site "Sochi RUS"]
[Date "2012.12.02"]
[Round "7"]
[White "Korneev, O."]
[Black "Burmakin, V."]
[Result "1/2-1/2"]
[WhiteElo "2602"]
[BlackElo "2561"]
[PlyCount "66"]
[EventDate "2012.11.26"]
[SourceDate "1999.07.01"]

1. e4 c6 2. Nc3 d5 3. Nf3 Bg4 4. h3 Bxf3 5. Qxf3 e6 6. d4 Nd7 7. Bf4 dxe4 8.
Nxe4 Ndf6 9. c3 Nxe4 10. Qxe4 Nf6 11. Qc2 Bd6 12. Bd2 Qc7 13. g3 O-O 14. Bg2 c5
15. dxc5 Bxc5 16. Bf4 Bd6 17. Bxd6 Qxd6 18. O-O Qc7 19. Qa4 Rfd8 20. Rfd1 a6
21. Qb3 Rab8 22. Rxd8+ Qxd8 23. Rd1 Qc7 24. Qb4 a5 25. Qd6 Qxd6 26. Rxd6 b6 27.
Bb7 Kf8 28. Rxb6 Ne4 29. b4 axb4 30. cxb4 Nc3 31. a3 Nd5 32. Rb5 Nc7 33. Rb6
Nd5 1/2-1/2

[Event "22nd TCh-SLO 2012"]
[Site "Slovenia SLO"]
[Date "2012.12.09"]
[Round "9"]
[White "Solak, D."]
[Black "Lenic, L."]
[Result "1/2-1/2"]
[WhiteElo "2597"]
[BlackElo "2637"]
[PlyCount "66"]
[EventDate "2012.11.23"]
[SourceDate "1999.07.01"]
[WhiteTeam "SD dr. Milan Vidmar LJ"]
[BlackTeam "ZSK Maribor"]

1. e4 c6 2. Nc3 d5 3. Nf3 Bg4 4. h3 Bxf3 5. Qxf3 e6 6. Be2 Nf6 7. O-O dxe4 8.
Nxe4 Nxe4 9. Qxe4 Nd7 10. d4 Nf6 11. Qd3 Bd6 12. c3 h6 13. Be3 O-O 14. Rad1 Nd5
15. Bc1 Nf4 16. Bxf4 Bxf4 17. g3 Bg5 18. Bf3 Qa5 19. a3 Rad8 20. Qc2 Rd7 21.
Kg2 Rfd8 22. h4 Bf6 23. Rfe1 Rd6 24. Qb3 Qb6 25. Qxb6 axb6 26. Kf1 Kf8 27. Ke2
g6 28. Be4 h5 29. Rd3 e5 30. dxe5 Bxe5 31. Red1 Ke7 32. Rxd6 Rxd6 33. Rxd6 Kxd6
1/2-1/2

[Event "Washington International 2012"]
[Site "Rockville USA"]
[Date "2012.07.31"]
[Round "8.3"]
[White "Azarov, S."]
[Black "Gelashvili, T."]
[Result "1/2-1/2"]
[WhiteElo "2658"]
[BlackElo "2604"]
[PlyCount "47"]
[EventDate "2012.07.28"]
[SourceDate "1999.07.01"]

1. e4 c6 2. Nc3 d5 3. d4 dxe4 4. Nxe4 Bf5 5. Ng3 Bg6 6. Nh3 Nf6 7. Nf4 e5 8.
dxe5 Qa5+ 9. c3 Qxe5+ 10. Be2 Bc5 11. O-O O-O 12. Nd3 Bxd3 13. Bxd3 Nbd7 14.
Qa4 Rfe8 15. Bc2 Nf8 16. Bf4 Qe6 17. Bf5 Qe7 18. Rad1 Rad8 19. Bb1 Rd5 20. Rxd5
Nxd5 21. Bd2 Ng6 22. Qe4 Qd8 23. Qc2 Nf6 24. Bg5 1/2-1/2

[Event "62nd ch-HUN 2012"]
[Site "Heviz HUN"]
[Date "2012.11.24"]
[Round "3.3"]
[White "Papp, Ga"]
[Black "Prohaszka, P2."]
[Result "1-0"]
[WhiteElo "2578"]
[BlackElo "2573"]
[PlyCount "75"]
[EventDate "2012.11.22"]
[SourceDate "1999.07.01"]

1. e4 c6 2. Nc3 d5 3. Nf3 Bg4 4. h3 Bxf3 5. Qxf3 e6 6. d4 dxe4 7. Qxe4 Nf6 8.
Qh4 Nbd7 9. Bd3 e5 10. O-O Be7 11. Re1 exd4 12. Qxd4 O-O 13. Ne4 Re8 14. Bg5 h6
15. Bh4 Qb6 16. Nxf6+ Nxf6 17. Bxf6 Bxf6 18. Qd7 Qd8 19. Qxb7 Rb8 20. Qxc6 Bxb2
21. Rad1 g6 22. Rxe8+ Qxe8 23. Qc7 Qe5 24. Qxa7 Bd4 25. Qd7 Qf4 26. Rf1 h5 27.
Qd5 Rb6 28. c3 Be5 29. Qd8+ Kg7 30. g3 Bc7 31. gxf4 Bxd8 32. Rb1 Rf6 33. Rb4
Bc7 34. a4 Bxf4 35. a5 Bd2 36. a6 Bxc3 37. Ra4 Be1 38. Ra2 1-0

[Event "VIII Governor's Cup"]
[Site "Khanty-Mansiysk RUS"]
[Date "2012.11.22"]
[Round "8.10"]
[White "Ponkratov, P."]
[Black "Shimanov, A."]
[Result "0-1"]
[WhiteElo "2589"]
[BlackElo "2597"]
[PlyCount "58"]
[EventDate "2012.11.15"]
[SourceDate "1999.07.01"]

1. e4 c6 2. Nc3 d5 3. Nf3 Nf6 4. e5 Ne4 5. Ne2 Qb6 6. d4 e6 7. Ng3 c5 8. Bd3
Nxg3 9. hxg3 cxd4 10. Ng5 Nc6 11. Nxh7 Bd7 12. Nf6+ gxf6 13. Rxh8 O-O-O 14. Qh5
fxe5 15. Bg5 Qxb2 16. Rd1 Bb4+ 17. Kf1 Rxh8 18. Qxh8+ Kc7 19. c3 dxc3 20. Rb1
Qa3 21. Rb3 Qa5 22. Qg7 b6 23. a3 Bxa3 24. Qxf7 Bb2 25. Kg1 Qa1+ 26. Kh2 Qd1
27. Rxb2 cxb2 28. Qh7 e4 29. Bf4+ e5 0-1

[Event "Siberian Bank Cup"]
[Site "Novosibirsk RUS"]
[Date "2012.11.17"]
[Round "5"]
[White "Andreikin, D."]
[Black "Sjugirov, S."]
[Result "1/2-1/2"]
[WhiteElo "2723"]
[BlackElo "2624"]
[PlyCount "75"]
[EventDate "2012.11.17"]
[SourceDate "1999.07.01"]

1. e4 c6 2. Nc3 d5 3. Nf3 Bg4 4. h3 Bxf3 5. Qxf3 e6 6. Be2 Nf6 7. O-O Nbd7 8.
d4 dxe4 9. Nxe4 Nxe4 10. Qxe4 Nf6 11. Qd3 Be7 12. Qb3 Qc7 13. c4 O-O 14. Be3
Rfd8 15. Rfd1 Rd7 16. Rd2 Qa5 17. Rad1 Rad8 18. Bf3 Qa6 19. a3 b5 20. cxb5 cxb5
21. Be2 Rb7 22. Rc1 Nd5 23. Rdc2 Nxe3 24. fxe3 Qd6 25. Bf3 Rbb8 26. Rc7 Bf6 27.
Qb4 Bg5 28. Kf2 Bh4+ 29. Ke2 Qg3 30. Rxa7 Qf2+ 31. Kd3 Bg5 32. Qe1 Qxb2 33. Rc2
Qb3+ 34. Rc3 Qa2 35. Rc2 Qb3+ 36. Rc3 Qa2 37. Rc2 Qb3+ 38. Ke4 1/2-1/2

[Event "Siberian Bank Cup"]
[Site "Novosibirsk RUS"]
[Date "2012.11.18"]
[Round "10"]
[White "Inarkiev, E."]
[Black "Sjugirov, S."]
[Result "0-1"]
[WhiteElo "2693"]
[BlackElo "2624"]
[PlyCount "142"]
[EventDate "2012.11.17"]
[SourceDate "1999.07.01"]

1. e4 c6 2. Nc3 d5 3. Nf3 Bg4 4. h3 Bxf3 5. Qxf3 e6 6. d3 Nd7 7. a3 Bc5 8. g3
Ne7 9. Bg2 O-O 10. O-O f5 11. exd5 exd5 12. Ne2 Ne5 13. Qf4 N5g6 14. Qa4 f4 15.
Nxf4 Nxf4 16. Bxf4 Ng6 17. Bd2 Qb6 18. Kh2 Bxf2 19. Qg4 Qxb2 20. Bb4 Rf6 21.
Qe2 a5 22. Rab1 Qd4 23. Bd2 b5 24. Bg5 Rf7 25. Qe6 Raf8 26. h4 Kh8 27. Kh3 Ne5
28. Bc1 Rf5 29. Rxf2 Rxf2 30. Bb2 Qg4+ 31. Qxg4 Nxg4 32. c4 bxc4 33. dxc4 Ne3
34. Bd4 Rxg2 35. Bxe3 Re2 36. Bc5 Rc8 37. cxd5 cxd5 38. Rb7 Re4 39. Rd7 Rc4 40.
Bb6 a4 41. Rxd5 Kg8 42. Rd7 Rc3 43. Bd4 R3c7 44. Rd5 h6 45. Ra5 Rc4 46. Bb2
R8c7 47. Ra6 Kh7 48. Be5 Re7 49. Bf4 Rb7 50. Bd6 Rb3 51. h5 Rd4 52. Bb4 Rd5 53.
Kh4 Rb1 54. Rxa4 Rg5 55. Kh3 Rxh5+ 56. Kg2 Rb2+ 57. Kf3 Rb3+ 58. Kg2 Rb2+ 59.
Kf3 Rf5+ 60. Ke4 Rg5 61. Bd6 Re2+ 62. Kf3 Re6 63. Bf4 Rb5 64. Ra7 Rb3+ 65. Kg4
Kg6 66. Ra5 Kf7 67. Ra7+ Re7 68. Ra6 g5 69. Bd6 Re6 70. Kh5 Kf6 71. Kxh6 Rd3
0-1

[Event "TCh-HUN 2012-13"]
[Site "Szombathely HUN"]
[Date "2012.11.04"]
[Round "3"]
[White "Jovanovic, Zo CRO"]
[Black "Ruck, R1."]
[Result "1/2-1/2"]
[WhiteElo "2516"]
[BlackElo "2567"]
[PlyCount "46"]
[EventDate "2012.09.16"]
[SourceDate "1999.07.01"]
[WhiteTeam "Dunaharaszti MTK"]
[BlackTeam "HVSE"]

1. e4 c6 2. Nc3 d5 3. d3 dxe4 4. Nxe4 Bf5 5. Qe2 e6 6. Bd2 Nd7 7. g4 Bxe4 8.
dxe4 Bd6 9. O-O-O Qc7 10. Nh3 e5 11. Ng5 Ngf6 12. h4 Nc5 13. f3 h6 14. Nh3
O-O-O 15. Qg2 Kb8 16. g5 Nh5 17. gxh6 gxh6 18. Qg4 Nf4 19. Nxf4 exf4 20. Qf5
Be5 21. Bc4 f6 22. Bc3 Bxc3 23. Qxc5 Be5 1/2-1/2

[Event "Chigorin Memorial"]
[Site "St Petersburg RUS"]
[Date "2012.11.01"]
[Round "6.8"]
[White "Mozharov, M."]
[Black "Grachev, B."]
[Result "1/2-1/2"]
[WhiteElo "2505"]
[BlackElo "2672"]
[PlyCount "101"]
[EventDate "2012.10.27"]
[SourceDate "1999.07.01"]

1. e4 c6 2. Nc3 d5 3. Nf3 dxe4 4. Nxe4 Nf6 5. Nxf6+ exf6 6. Bc4 Bd6 7. Qe2+ Qe7
8. Qxe7+ Kxe7 9. O-O Be6 10. Re1 Kd7 11. Bf1 Kc7 12. Nd4 Bd7 13. Nb3 Bf5 14. c3
Nd7 15. d4 Rae8 16. Be3 Kb8 17. Nd2 Be6 18. Bc4 Nb6 19. Bxe6 Rxe6 20. f3 Rhe8
21. Ne4 Bc7 22. Bf2 Nd7 23. Nd2 Bf4 24. Nb3 h5 25. h3 f5 26. Kf1 Kc7 27. Rad1
Bd6 28. Nc1 b5 29. Nd3 Nb6 30. Rxe6 Rxe6 31. Re1 Nd5 32. Rxe6 fxe6 33. Ke2 a5
34. Be1 a4 35. Bd2 Kd7 36. b3 axb3 37. axb3 Ne7 38. Bg5 Ng6 39. Ke3 Bf8 40. c4
bxc4 41. bxc4 Bd6 42. Bf4 Be7 43. Be5 Bg5+ 44. f4 Bf6 45. Nc5+ Ke7 46. Na6 Bxe5
47. dxe5 Kd7 48. Nc5+ Ke7 49. Na6 Kd7 50. Nc5+ Ke7 51. Na6 1/2-1/2

[Event "4th Marcel Duchamp GM"]
[Site "Buenos Aires ARG"]
[Date "2012.10.29"]
[Round "7"]
[White "Felgaer, R."]
[Black "Peralta, Fe"]
[Result "1/2-1/2"]
[WhiteElo "2579"]
[BlackElo "2593"]
[PlyCount "27"]
[EventDate "2012.10.23"]
[SourceDate "1999.07.01"]

1. e4 c6 2. Nc3 d5 3. Nf3 dxe4 4. Nxe4 Nf6 5. Ng3 c5 6. b3 e6 7. Bb2 Nc6 8. Bb5
Bd7 9. O-O Be7 10. d4 Nxd4 11. Nxd4 cxd4 12. Bxd7+ Qxd7 13. Qxd4 Qxd4 14. Bxd4
1/2-1/2

[Event "TCh-ISL 2012-13"]
[Site "Reykjavik ISL"]
[Date "2012.10.06"]
[Round "3.3"]
[White "Kuzubov, Y."]
[Black "Miton, K."]
[Result "1/2-1/2"]
[WhiteElo "2615"]
[BlackElo "2624"]
[PlyCount "52"]
[EventDate "2012.10.05"]
[SourceDate "1999.07.01"]
[WhiteTeam "Taflfelag Bolungarvikur A"]
[BlackTeam "Taflfelag Vestmannaeyja A"]

1. e4 c6 2. Nc3 d5 3. Nf3 Bg4 4. h3 Bxf3 5. Qxf3 e6 6. a3 dxe4 7. Nxe4 Nd7 8.
d3 Ngf6 9. Nd2 g6 10. Qe2 Bg7 11. g3 O-O 12. Bg2 Qc7 13. O-O a5 14. a4 Nd5 15.
c3 Rad8 16. h4 h6 17. Re1 Rfe8 18. Nc4 Nc5 19. Qc2 b5 20. axb5 cxb5 21. Bxd5
Rxd5 22. Bf4 Qd8 23. d4 bxc4 24. dxc5 Rxc5 25. Qa4 Qc8 26. Rad1 Qc6 1/2-1/2

[Event "TCh-CZE Extraliga 2012-13"]
[Site "Czech Republic CZE"]
[Date "2012.11.04"]
[Round "2.2"]
[White "Azarov, S."]
[Black "Laznicka, V."]
[Result "1/2-1/2"]
[WhiteElo "2618"]
[BlackElo "2674"]
[PlyCount "129"]
[EventDate "2012.11.03"]
[SourceDate "1999.07.01"]
[WhiteTeam "BSS Frydek-Mistek"]
[BlackTeam "1. Novoborsky SK"]

1. e4 c6 2. Nc3 d5 3. d4 dxe4 4. Nxe4 Bf5 5. Ng3 Bg6 6. Nh3 Nf6 7. Bc4 e6 8.
O-O Nbd7 9. f4 Nb6 10. Bb3 Qd7 11. c3 O-O-O 12. Qf3 c5 13. f5 exf5 14. Nxf5
cxd4 15. cxd4 Kb8 16. Bf4+ Ka8 17. Be5 Nfd5 18. Rac1 f6 19. Bg3 Bb4 20. Nh4 Bf7
21. Nf2 h5 22. Ne4 Qf5 23. a3 Qxf3 24. Rxf3 Bf8 25. Nf5 Bg6 26. h4 Bxf5 27.
Rxf5 Be7 28. Nc5 g6 29. Rf3 Bd6 30. Re1 Bxg3 31. Rxg3 Nf4 32. Ne6 Nxe6 33. Rxe6
Rxd4 34. Rxf6 Rxh4 35. Rfxg6 Kb8 36. Rg8+ Rxg8 37. Rxg8+ Kc7 38. Rg7+ Kc8 39.
Rg8+ Kc7 40. Rg7+ Kc8 41. Rg5 a6 42. Bf7 Rf4 43. Bxh5 Nc4 44. Rg8+ Kc7 45. Rg7+
Kb8 46. Bf3 b5 47. Rb7+ Kc8 48. Ra7 Nxb2 49. Rxa6 b4 50. axb4 Rxb4 51. Rd6 Kc7
52. Rd5 Nc4 53. Kf2 Nd6 54. g4 Kd7 55. Re5 Nf7 56. Re3 Rb5 57. Kg3 Re5 58. Ra3
Ke7 59. Kf4 Kf6 60. Ra6+ Re6 61. Ra5 Re5 62. Ra6+ Re6 63. Ra8 Rb6 64. Be4 Ng5
65. Rf8+ 1/2-1/2

[Event "US Chess League 2012"]
[Site "ICC INT"]
[Date "2012.10.22"]
[Round "8"]
[White "Hess, Ro"]
[Black "Erenburg, S."]
[Result "1/2-1/2"]
[WhiteElo "2595"]
[BlackElo "2629"]
[PlyCount "160"]
[EventDate "2012.09.04"]
[SourceDate "1999.07.01"]
[WhiteTeam "Connecticut"]
[BlackTeam "Philadelphia"]

1. e4 c6 2. Nc3 d5 3. d4 dxe4 4. Nxe4 Bf5 5. Ng3 Bg6 6. Nh3 Nf6 7. Nf4 e5 8.
Nxg6 hxg6 9. dxe5 Qxd1+ 10. Kxd1 Ng4 11. Ke2 Nxe5 12. f4 Ng4 13. h3 Nf6 14. Kf3
Bc5 15. Bc4 O-O 16. Bd2 Nbd7 17. Rad1 Rfe8 18. Rhe1 Kf8 19. Bb3 Bb6 20. Bb4+
Bc5 21. Bc3 Rxe1 22. Rxe1 a5 23. a3 a4 24. Ba2 Bb6 25. Re2 Ba5 26. Be5 Nxe5+
27. fxe5 Nd7 28. Bxf7 Bc7 29. Ba2 Bxe5 30. Be6 Bxg3 31. Kxg3 Nf6 32. Kf4 Ra5
33. Re5 Rxe5 34. Kxe5 Ke7 35. c4 b6 36. h4 Ne8 37. Bg4 Nd6 38. Kd4 Nb7 39. Bf3
Kd6 40. Be4 g5 41. hxg5 Nc5 42. Bc2 b5 43. cxb5 cxb5 44. g3 Ne6+ 45. Ke4 Nxg5+
46. Kf5 Nf3 47. Kg6 Ne5+ 48. Kxg7 Nc4 49. Kf6 Nxb2 50. g4 Nc4 51. g5 Ne5 52.
Bf5 b4 53. axb4 Nd7+ 54. Kf7 Ne5+ 55. Ke8 a3 56. Bb1 Kc6 57. Ke7 Nf3 58. g6 a2
59. Bxa2 Nh4 60. g7 Nf5+ 61. Kf6 Nxg7 62. Bc4 Ne8+ 63. Ke5 Nc7 64. Kd4 Nb5+ 65.
Bxb5+ Kxb5 66. Kc3 Kb6 67. Kc4 Kc6 68. b5+ Kb6 69. Kb4 Kb7 70. Kc5 Kc7 71. Kc4
Kb6 72. Kb4 Kb7 73. Ka5 Ka7 74. b6+ Kb7 75. Kb5 Kb8 76. Kc5 Kb7 77. Kb5 Kb8 78.
Kc6 Kc8 79. b7+ Kb8 80. Kd7 Kxb7 1/2-1/2

[Event "US Chess League 2012"]
[Site "ICC INT"]
[Date "2012.10.22"]
[Round "8"]
[White "Huschenbeth, N."]
[Black "Stripunsky, A."]
[Result "0-1"]
[WhiteElo "2536"]
[BlackElo "2566"]
[PlyCount "90"]
[EventDate "2012.09.04"]
[SourceDate "1999.07.01"]
[WhiteTeam "Baltimore"]
[BlackTeam "New Jersey"]

1. e4 c6 2. Nc3 d5 3. Qe2 d4 4. Nd1 e5 5. g3 h5 6. h4 c5 7. d3 Nc6 8. f4 Bg4 9.
Nf3 c4 10. Bg2 Bb4+ 11. Bd2 cxd3 12. cxd3 Qa5 13. a3 Bxd2+ 14. Qxd2 Qxd2+ 15.
Kxd2 Nge7 16. f5 g6 17. fxg6 f6 18. b4 Rg8 19. Nb2 b5 20. Nh2 Rxg6 21. Nxg4
Rxg4 22. Rh3 Rg6 23. Bf3 Rh6 24. Rhh1 O-O-O 25. Ke2 Kb7 26. Kf2 Kb6 27. Rhc1
Rf8 28. Rc2 f5 29. exf5 Nxf5 30. Rac1 e4 31. dxe4 Ne3 32. Rc5 Ne5 33. Ke2 Nxf3
34. a4 a6 35. a5+ Kb7 36. Rc7+ Kb8 37. Re7 Nc4 38. Nxc4 bxc4 39. Rxc4 Rd6 40.
Kd3 Ne1+ 41. Kd2 d3 42. e5 Nf3+ 43. Kd1 Rd5 44. Rf4 Rxf4 45. gxf4 Rd4 0-1

[Event "34th Rashid Nezhmetdinov Cup"]
[Site "Kazan RUS"]
[Date "2012.10.02"]
[Round "7.6"]
[White "Dvoirys, S."]
[Black "Lintchevski, D."]
[Result "1-0"]
[WhiteElo "2533"]
[BlackElo "2554"]
[PlyCount "79"]
[EventDate "2012.09.25"]
[SourceDate "1999.07.01"]

1. e4 c6 2. Nc3 d5 3. Nf3 Bg4 4. Be2 dxe4 5. Nxe4 e6 6. h3 Bxf3 7. Bxf3 Nd7 8.
d4 Ngf6 9. O-O Nxe4 10. Bxe4 g6 11. a4 a5 12. Bf4 Bg7 13. c3 Nf6 14. Bf3 Nd5
15. Bg3 O-O 16. Qb3 Qd7 17. Rfe1 Rfe8 18. Re2 Bf8 19. c4 Nb4 20. Rd1 Bd6 21.
Bxd6 Qxd6 22. Re5 Red8 23. h4 Qe7 24. h5 Qf6 25. Qe3 Rd7 26. Rd2 b6 27. h6 Rad8
28. d5 cxd5 29. cxd5 Rf8 30. b3 Na6 31. Rg5 Nc5 32. dxe6 fxe6 33. Rxd7 Nxd7 34.
Be2 Nc5 35. Bc4 Rd8 36. Rg4 Qf5 37. Rh4 Rd6 38. g3 Nd3 39. Rd4 Rxd4 40. Bxe6+
1-0

[Event "TCh-SRB Prem 2012"]
[Site "Valjevo SRB"]
[Date "2012.09.26"]
[Round "10.4"]
[White "Solak, D."]
[Black "Rodshtein, M."]
[Result "1/2-1/2"]
[WhiteElo "2599"]
[BlackElo "2634"]
[PlyCount "31"]
[EventDate "2012.09.17"]
[SourceDate "1999.07.01"]
[WhiteTeam "Novosadski SK DDOR"]
[BlackTeam "VSK Sv. Nikolaj Srpski Valjevo"]

1. e4 c6 2. Nc3 d5 3. Nf3 Nf6 4. e5 Ne4 5. d4 Nxc3 6. bxc3 Bg4 7. h3 Bxf3 8.
Qxf3 e6 9. Bd3 Nd7 10. O-O Qc7 11. c4 Be7 12. Rb1 dxc4 13. Bxc4 O-O 14. Qe4 g6
15. f4 Nb6 16. Bd3 1/2-1/2

[Event "US Chess League 2012"]
[Site "ICC INT"]
[Date "2012.09.19"]
[Round "3"]
[White "Hess, Ro"]
[Black "Margvelashvili, G."]
[Result "1/2-1/2"]
[WhiteElo "2595"]
[BlackElo "2570"]
[PlyCount "142"]
[EventDate "2012.09.04"]
[SourceDate "1999.07.01"]
[WhiteTeam "Connecticut"]
[BlackTeam "Baltimore"]

1. e4 c6 2. Nc3 d5 3. d4 dxe4 4. Nxe4 Bf5 5. Ng3 Bg6 6. N1e2 e6 7. Nf4 Qc7 8.
c3 Nf6 9. h4 Bd6 10. Qf3 Nbd7 11. h5 Bc2 12. h6 gxh6 13. Bd3 Bxd3 14. Nxd3 Bxg3
15. fxg3 Rg8 16. Bf4 Qa5 17. Rxh6 O-O-O 18. Nb4 e5 19. Rxf6 Nxf6 20. Bxe5 Nd5
21. Qxf7 Rgf8 22. Qe6+ Rd7 23. Nxd5 Qxd5 24. Qxd5 Rxd5 25. Ke2 Rd7 26. Rh1 Re7
27. b4 Kd7 28. Rh6 Rg8 29. Kd3 Rg5 30. a4 Rf5 31. g4 Rf2 32. g3 a5 33. Rd6+ Kc8
34. bxa5 Ra2 35. a6 Rxa4 36. axb7+ Kxb7 37. Rd8 Ra8 38. Rd6 Rg8 39. Bf6 Re1 40.
Rd7+ Kb6 41. g5 Rg1 42. Rxh7 Rxg3+ 43. Kc4 R3xg5 44. Bxg5 Rxg5 45. Rd7 Rh5 46.
Kb4 Rb5+ 47. Ka4 Ra5+ 48. Kb3 Rb5+ 49. Kc2 Rh5 50. c4 Rh3 51. Re7 Rg3 52. Kd2
Rh3 53. Re6 Kc7 54. Re3 Rh1 55. Kc3 Rc1+ 56. Kb4 Kd6 57. Rh3 Rb1+ 58. Kc3 Rc1+
59. Kb3 Rb1+ 60. Kc2 Rg1 61. Rh6+ Kd7 62. Kc3 Rg4 63. Rh7+ Kd8 64. Kd3 Kc8 65.
Ke3 c5 66. Rh8+ Kc7 67. Rh7+ Kc8 68. dxc5 Rxc4 69. Rh5 Kc7 70. Kd3 Rg4 71. Rh6
Kd7 1/2-1/2

[Event "40th Olympiad Open"]
[Site "Istanbul TUR"]
[Date "2012.09.03"]
[Round "6.18"]
[White "Felgaer, R."]
[Black "Michalik, P."]
[Result "1-0"]
[WhiteElo "2570"]
[BlackElo "2508"]
[PlyCount "63"]
[EventDate "2012.08.28"]
[SourceDate "1999.07.01"]
[WhiteTeam "Argentina"]
[BlackTeam "Slovakia"]
[WhiteTeamCountry "ARM"]
[BlackTeamCountry "GE2"]

1. e4 c6 2. Nc3 d5 3. Nf3 Bg4 4. h3 Bxf3 5. Qxf3 e6 6. d4 dxe4 7. Qxe4 Nf6 8.
Qd3 Nbd7 9. Bd2 Bd6 10. O-O-O O-O 11. g4 Nd5 12. Kb1 Nxc3+ 13. Bxc3 Nf6 14. Bd2
Qc7 15. g5 Nd5 16. c4 Ne7 17. Qe4 Ng6 18. h4 Rfe8 19. h5 Nf8 20. Bd3 c5 21.
dxc5 Bxc5 22. Bc3 e5 23. g6 hxg6 24. hxg6 Nxg6 25. Qg4 Qb6 26. f4 Bd4 27. c5
Qc6 28. f5 Nf4 29. Bxd4 Nxd3 30. Qh3 f6 31. Qxd3 exd4 32. Qc4+ 1-0

[Event "40th Olympiad Open"]
[Site "Istanbul TUR"]
[Date "2012.08.29"]
[Round "2.29"]
[White "Felgaer, R."]
[Black "Danielsen, Hen"]
[Result "1-0"]
[WhiteElo "2570"]
[BlackElo "2511"]
[PlyCount "77"]
[EventDate "2012.08.28"]
[SourceDate "1999.07.01"]
[WhiteTeam "Argentina"]
[BlackTeam "Iceland"]
[WhiteTeamCountry "ARM"]
[BlackTeamCountry "MAU"]

1. e4 c6 2. Nc3 d5 3. Nf3 Bg4 4. h3 Bxf3 5. Qxf3 Nf6 6. d3 e6 7. Bd2 Bb4 8. a3
Ba5 9. e5 Nfd7 10. Qg3 g6 11. d4 Qe7 12. h4 h5 13. b4 Bd8 14. Bd3 a5 15. Rb1 a4
16. Ne2 b5 17. Bg5 Qf8 18. Nf4 Rg8 19. Nh3 Nb6 20. Qf4 Na6 21. Bxd8 Kxd8 22.
Ng5 Ra7 23. Rh3 Qg7 24. Rf3 Ke8 25. Ke2 Re7 26. Rg1 Nd7 27. g4 hxg4 28. Rxg4
Nf8 29. Qg3 Qh6 30. Qf4 Qg7 31. Qg3 Qh6 32. Rgf4 Rg7 33. Rf6 Qh8 34. Nxf7 Rexf7
35. Rxf7 Rxf7 36. Bxg6 Nxg6 37. Qxg6 Qh7 38. Qxe6+ Kf8 39. Qd6+ 1-0